000 00816nam a2200265Ia 4500
003 OSt
005 20220928123956.0
006 a|||||r|||| 00| 0
007 ta
008 220927b |||||||| |||| 00| 0 eng d
020 _cUKP 91.99
024 _a145125
037 _b078, 09/03/2021, Classic Book Service
_cTextual
040 _aSDCL
_cSDCL
_beng
041 _2eng
_aeng
082 _aB28931, R0
100 _aChallal Samia
_9462890
245 0 _aIntroduction to the theory of optimization in eucliedean space
260 _aBaca
_bRaton CRC Press
_c2020
300 _axv,318p.
_ccm.
490 _aSeries in operations research
650 _aOperational Research
942 _hB28931, R0
_cTEXL
_2CC
999 _c775849
_d775849